<?xml version="1.0" encoding="UTF-8"?><?xml-stylesheet type="text/xsl" href="static/style.xsl"?><OAI-PMH xmlns="http://www.openarchives.org/OAI/2.0/" xmlns:xsi="http://www.w3.org/2001/XMLSchema-instance" xsi:schemaLocation="http://www.openarchives.org/OAI/2.0/ http://www.openarchives.org/OAI/2.0/OAI-PMH.xsd"><responseDate>2026-04-14T07:38:28Z</responseDate><request verb="GetRecord" identifier="oai:www.recercat.cat:10256/19375" metadataPrefix="marc">https://recercat.cat/oai/request</request><GetRecord><record><header><identifier>oai:recercat.cat:10256/19375</identifier><datestamp>2024-06-18T11:08:13Z</datestamp><setSpec>com_2072_452955</setSpec><setSpec>com_2072_2054</setSpec><setSpec>col_2072_452959</setSpec><setSpec>col_2072_453080</setSpec></header><metadata><record xmlns="http://www.loc.gov/MARC21/slim" xmlns:dcterms="http://purl.org/dc/terms/" xmlns:xsi="http://www.w3.org/2001/XMLSchema-instance" xmlns:doc="http://www.lyncode.com/xoai" xsi:schemaLocation="http://www.loc.gov/MARC21/slim http://www.loc.gov/standards/marcxml/schema/MARC21slim.xsd">
   <leader>00925njm 22002777a 4500</leader>
   <datafield ind2=" " ind1=" " tag="042">
      <subfield code="a">dc</subfield>
   </datafield>
   <datafield ind2=" " ind1=" " tag="720">
      <subfield code="a">Pita, Pablo</subfield>
      <subfield code="e">author</subfield>
   </datafield>
   <datafield ind2=" " ind1=" " tag="720">
      <subfield code="a">Alós, Josep</subfield>
      <subfield code="e">author</subfield>
   </datafield>
   <datafield ind2=" " ind1=" " tag="720">
      <subfield code="a">Antelo, Manel</subfield>
      <subfield code="e">author</subfield>
   </datafield>
   <datafield ind2=" " ind1=" " tag="720">
      <subfield code="a">Artetxe, Iñaki</subfield>
      <subfield code="e">author</subfield>
   </datafield>
   <datafield ind2=" " ind1=" " tag="720">
      <subfield code="a">Biton Porsmoguer, Sebastián</subfield>
      <subfield code="e">author</subfield>
   </datafield>
   <datafield ind2=" " ind1=" " tag="720">
      <subfield code="a">Carreño, Arnau</subfield>
      <subfield code="e">author</subfield>
   </datafield>
   <datafield ind2=" " ind1=" " tag="720">
      <subfield code="a">Cuadros, Amalia</subfield>
      <subfield code="e">author</subfield>
   </datafield>
   <datafield ind2=" " ind1=" " tag="720">
      <subfield code="a">Font, Toni</subfield>
      <subfield code="e">author</subfield>
   </datafield>
   <datafield ind2=" " ind1=" " tag="720">
      <subfield code="a">Beiro, José</subfield>
      <subfield code="e">author</subfield>
   </datafield>
   <datafield ind2=" " ind1=" " tag="720">
      <subfield code="a">García-Charton, José A.</subfield>
      <subfield code="e">author</subfield>
   </datafield>
   <datafield ind2=" " ind1=" " tag="720">
      <subfield code="a">Gordoa, Ana</subfield>
      <subfield code="e">author</subfield>
   </datafield>
   <datafield ind2=" " ind1=" " tag="720">
      <subfield code="a">Hyder, Kieran</subfield>
      <subfield code="e">author</subfield>
   </datafield>
   <datafield ind2=" " ind1=" " tag="720">
      <subfield code="a">Lloret Romañach, Josep</subfield>
      <subfield code="e">author</subfield>
   </datafield>
   <datafield ind2=" " ind1=" " tag="720">
      <subfield code="a">Morales-Nin, Beatriz</subfield>
      <subfield code="e">author</subfield>
   </datafield>
   <datafield ind2=" " ind1=" " tag="720">
      <subfield code="a">Mugerza, Estanis</subfield>
      <subfield code="e">author</subfield>
   </datafield>
   <datafield ind2=" " ind1=" " tag="720">
      <subfield code="a">Sagué, O.</subfield>
      <subfield code="e">author</subfield>
   </datafield>
   <datafield ind2=" " ind1=" " tag="720">
      <subfield code="a">Pascual-Fernández, José J.</subfield>
      <subfield code="e">author</subfield>
   </datafield>
   <datafield ind2=" " ind1=" " tag="720">
      <subfield code="a">Ruiz, Jon</subfield>
      <subfield code="e">author</subfield>
   </datafield>
   <datafield ind2=" " ind1=" " tag="720">
      <subfield code="a">Sandoval, Virginia</subfield>
      <subfield code="e">author</subfield>
   </datafield>
   <datafield ind2=" " ind1=" " tag="720">
      <subfield code="a">Santolini, Elena</subfield>
      <subfield code="e">author</subfield>
   </datafield>
   <datafield ind2=" " ind1=" " tag="720">
      <subfield code="a">Zarauz, Lucia</subfield>
      <subfield code="e">author</subfield>
   </datafield>
   <datafield ind2=" " ind1=" " tag="720">
      <subfield code="a">Villasante, Sebastián</subfield>
      <subfield code="e">author</subfield>
   </datafield>
   <datafield ind2=" " ind1=" " tag="260">
      <subfield code="c">2020-01-31</subfield>
   </datafield>
   <datafield ind2=" " ind1=" " tag="520">
      <subfield code="a">The European Parliament is concerned about the lack of information on the relevance of nine million Europeans engaged in marine recreational fishing (MRF), committing Member States to encourage environmental and socioeconomic sustainability of the sector. The objective of this paper is to provide recommendations to guide research actions and management policies, based on the case of Spain, a key country because its complex administrative regimen and the intensive use of its coasts, including 900,000 recreational fishers. A review of the state of the knowledge was performed to identify research gaps, while governance challenges were identified in an International Symposium on MRF. In the last two decades research on MRF was remarkable (139 publications). However, public investment in research (€2.44 million in the same period) should be improved to cover knowledge gaps on socioeconomic relevance, on impacts on vulnerable species and on implications of global warming. The license system should be standardized to allow estimation of effort, catch and expenditure. Social networks, mobile applications, fisher ecological knowledge, and citizen science programs could help to develop cost-effective research and management. Science-based, adaptive policies should improve the allocation of resources between MRF and other stakeholders, introducing co-management to reduce conflicts</subfield>
   </datafield>
   <datafield ind2=" " ind1=" " tag="520">
      <subfield code="a">This work received funds from the Xunta de Galicia under&#xd;
the modality of Grupos de Referencia Competitiva (Grant&#xd;
ED431C2019/11), RECREGES I and II projects under Grants&#xd;
ED481B2014/034-0 and ED481B2018/017, and SICORE project,&#xd;
funded by the Fundación Biodiversidad, Ministerio para la&#xd;
Transición Ecológica, Gobierno de España, Pleamar program,&#xd;
which is cofounded by the European Maritime and Fisheries&#xd;
Fund. SV acknowledges the financial the European COST Action&#xd;
“Ocean Governance for Sustainability – challenges, options and&#xd;
the role of science,” the ICES Science Fund Project “Social&#xd;
Transformations of Marine Social-Ecological Systems,” and the&#xd;
CYTED program for the ECOMAR Network. JP-F received&#xd;
funds from the project “Governance challenges for sustainable&#xd;
small-scale fisheries: creating synergies with marine conservation&#xd;
and tourism” (GOBAMP II, CSO2013-45773-R), financed by&#xd;
Ministry of Economy and Competitiveness of Spain. JA was&#xd;
supported by a JDC postdoctoral research grant funded by the&#xd;
Spanish Ministry of Economy, Industry and Competitiveness&#xd;
(ref. IJCI-2016-27681) and a Ramon y Cajal Grant funded by the&#xd;
Spanish Ministry of Science, Innovation and Universities (grant&#xd;
no. RYC2018-024488-I)</subfield>
   </datafield>
   <datafield ind1="8" ind2=" " tag="024">
      <subfield code="a">http://hdl.handle.net/10256/19375</subfield>
   </datafield>
   <datafield tag="653" ind2=" " ind1=" ">
      <subfield code="a">Biologia marina -- Espanya</subfield>
   </datafield>
   <datafield tag="653" ind2=" " ind1=" ">
      <subfield code="a">Marine biology -- Spain</subfield>
   </datafield>
   <datafield tag="653" ind2=" " ind1=" ">
      <subfield code="a">Pesca -- Espanya</subfield>
   </datafield>
   <datafield tag="653" ind2=" " ind1=" ">
      <subfield code="a">Fishing -- Spain</subfield>
   </datafield>
   <datafield tag="653" ind2=" " ind1=" ">
      <subfield code="a">Pesca sostenible -- Espanya</subfield>
   </datafield>
   <datafield tag="653" ind2=" " ind1=" ">
      <subfield code="a">Sustainable fisheries -- Spain</subfield>
   </datafield>
   <datafield ind2="0" ind1="0" tag="245">
      <subfield code="a">Assessing Knowledge Gaps and Management Needs to Cope With Barriers for Environmental, Economic, and Social Sustainability of Marine Recreational Fisheries: The Case of Spain</subfield>
   </datafield>
</record></metadata></record></GetRecord></OAI-PMH>